Métodos y técnicas de evaluación de los gastos de educación. Versión preliminar (Record no. 10858)
[ view plain ]
| 000 -LEADER | |
|---|---|
| campo de control de longitud fija | 00392nam a2200145Ia 4500 |
| 001 - NÚMERO DE CONTROL | |
| campo de control | 1902 |
| 008 - DATOS DE LONGITUD FIJA--INFORMACIÓN GENERAL | |
| campo de control de longitud fija | 241024s9999 xx 000 0 und d |
| 082 ## - NÚMERO DE LA CLASIFICACIÓN DECIMAL DEWEY | |
| Número de clasificación | 379.1/P358m/4 |
| 100 ## - ENTRADA PRINCIPAL--NOMBRE DE PERSONA | |
| Nombre de persona | Serge Péano |
| 245 #0 - MENCIÓN DEL TÍTULO | |
| Título | Métodos y técnicas de evaluación de los gastos de educación. Versión preliminar |
| 260 ## - PUBLICACIÓN, DISTRIBUCIÓN, ETC. | |
| Nombre del editor, distribuidor, etc. | UNESCO |
| Fecha de publicación, distribución, etc. | 2006 |
| 590 ## - NOTA LOCAL (RLIN) | |
| Nota local | si |
| 901 ## - ELEMENTOS DE DATOS A LOCAL LDA (RLIN) | |
| a | 3/10/2011 2:19:04 p.m. |
No items available.